Applications of the electromagnetic reciprocity principle /

Bibliographic Details
Main Author: Monteath, G. D.
Format: Book
Language:English
Published: Oxford, New York : Pergamon Press, [1973]
Edition:[1st ed.].
Series:International series of monographs on electromagnetic waves ; v. 17.
Subjects:

MARC

Tag First Indicator Second Indicator Subfields
LEADER 00000cam a2200000 4500
001 in00000099849
005 20150924160547.0
008 730625s1973 enka b 00110 eng
010 |a  72087528  
035 |a (OCoLC)00666770 
035 |9 AAL0476AM 
040 |a DLC  |c DLC  |d TXA  |d UtOrBLW 
049 |a TXAM  |c [1148302] 
050 0 0 |a TK454.2  |b .M66 1973 
082 0 |a 621.319/21 
100 1 |a Monteath, G. D. 
245 1 0 |a Applications of the electromagnetic reciprocity principle /  |c by G. D. Monteath. 
250 |a [1st ed.]. 
264 1 |a Oxford,  |a New York :  |b Pergamon Press,  |c [1973] 
300 |a xi, 149 pages :  |b illustrations ;  |c 22 cm. 
336 |a text  |b txt  |2 rdacontent 
337 |a unmediated  |b n  |2 rdamedia 
338 |a volume  |b nc  |2 rdacarrier 
490 1 |a International series of monographs in electromagnetic waves, v. 17 
504 |a Bibliography: pages 138-141. 
650 0 |a Electric networks. 
650 0 |a Electromagnetic theory. 
650 0 |a Radio waves. 
830 0 |a International series of monographs on electromagnetic waves ;  |v v. 17. 
999 |a MARS 
999 f f |s c952561d-3c77-3b9d-9aac-b3ea3ff462e0  |i 7ac47ac8-d82c-3a4c-a2be-74249a30ffbe  |t 0 
952 f f |p normal  |a Texas A&M University  |b College Station  |c Sterling C. Evans Library  |d Evans: Library Stacks  |t 0  |e TK454.2 .M66 1973  |h Library of Congress classification  |i unmediated -- volume  |m A14805463292 
998 f f |a TK454.2 .M66 1973  |t 0  |l Evans: Library Stacks